| 000 | 01099nam a2200241Ia 4500 | ||
|---|---|---|---|
| 999 |
_c40659 _d40659 |
||
| 001 | 7287 | ||
| 003 | GE_BSU | ||
| 005 | 20231117103520.0 | ||
| 008 | 181216s2013||||ge |||||||||||||| ||geo|| | ||
| 020 | _a9789941107306 | ||
| 040 | _cGE_BSU | ||
| 041 | _ageo | ||
| 080 | _a821.353.1 გ-14 | ||
| 100 |
_aგაგუა, ოთარ _95227 |
||
| 245 |
_aდადგმული და დაუდგმელი ძეგლის ამბავი / _cოთარ გაგუა, იასონ გორდეზიანი. |
||
| 260 | _a. | ||
| 264 |
_aთბილისი : _bმერიდიანი, _c2013. |
||
| 300 |
_a255 გვ. ; _c20 სმ. |
||
| 500 | _aწიგნი დაიბეჭდა საერთაშორისო საქველმოქმედო ფონდი "ქართუს" მხარდაჭერით | ||
| 653 | _aდადგმული და დაუდგმელი ძეგლის ამბავი | ||
| 700 |
_aგორდეზიანი, იასონ _eავტორი _920418 |
||
| 942 |
_cBK _2udc |
||